000 00538nam a2200217Ia 4500
001 12226
003 GE_BSU
008 181216s||||||||xx |||||||||||||| ||und||
020 _a0130482870
040 _cGE_BSU
080 _a005.915+336.131
100 _aChatfield,Robert E. Dalhor,Michael C.
245 _aHospitality Financial Mangament.
260 _aLos Vegas.
260 _bPearson Prentice Hall.
260 _c2005
300 _a299p;26cm.
541 _h151ლ.
653 _aHospitality Financial Mangament.
942 _cBK
999 _c45402
_d45402